000 00667nam a2200241Ia 4500
008 171025s9999 xx 000 0 und d
020 _a9789710554126
050 _a25
050 _bD278 2011
100 _aDe Jesus, Naomi A.
245 _aGuide to movie making and flash animation /
245 _cby Naomi A. de Jesus and iBook Development Group.
260 _aPhilippines :
260 _biBook Publishing,
260 _c2012
300 _aviii, 219 pages :
300 _billustrations ;
300 _c25cm.
500 _aIncludes bibliographic reference.
650 _aComputer animation.
650 _aFlash (Computer file).
700 _aTitle.
999 _c344471
_d344471